[Event "NAYCC U18 w"]
[Site "Toronto CAN"]
[Date "2013.08.16"]
[Round "7"]
[White "Regam, Jessica"]
[Black "Kalaydina, Regina Veronicka"]
[Result "1-0"]
[WhiteElo "2125"]
[BlackElo "1958"]
[PlyCount "49"]
[GameId "2160767909296865"]
[EventDate "2013.08.14"]
[EventType "tourn"]
[EventRounds "9"]
[EventCountry "CAN"]
[SourceTitle "hb 2013"]

1. e4 c5 2. Nf3 e6 3. d4 cxd4 4. Nxd4 Nc6 5. Nc3 Qc7 6. g3 a6 7. Bg2 Nf6 8. O-O d6 9. Re1 Nd7 10. Kh1 Be7 11. Be3 O-O 12. f4 b5 13. Nxc6 Qxc6 14. e5 d5 15. Nxd5 exd5 16. Bxd5 Qc7 17. Bxa8 Bb7+ 18. Bxb7 Qxb7+ 19. Kg1 Nc5 20. Qe2 Ne6 21. Rad1 Rc8 22. c3 Rc4 23. Bf2 h6 24. Rd3 g6 25. Qf3 1-0

[Event "NAYCC U18 w"]
[Site "Toronto CAN"]
[Date "2013.08.17"]
[Round "7"]
[White "Gorti, Akshita"]
[Black "Gologorsky, Rachel Gita"]
[Result "1/2-1/2"]
[WhiteElo "1988"]
[BlackElo "2028"]
[PlyCount "50"]
[GameId "2160767909296866"]
[EventDate "2013.08.14"]
[EventType "tourn"]
[EventRounds "9"]
[EventCountry "CAN"]
[SourceTitle "EXT 2022"]
[Source "ChessBase"]
[SourceDate "2021.10.06"]
[SourceVersion "1"]
[SourceVersionDate "2021.10.06"]
[SourceQuality "1"]

1. d4 d5 2. c4 c6 3. Nf3 Nf6 4. e3 e6 5. b3 b6 6. Bb2 Bb7 7. Bd3 Nbd7 8. O-O Be7 9. Nc3 O-O 10. Qc2 h6 11. Rad1 Qc7 12. Qe2 Rad8 13. Ne5 Nxe5 14. dxe5 Nd7 15. f4 Nc5 16. Bb1 dxc4 17. bxc4 Rxd1 18. Rxd1 Rd8 19. Qc2 Rxd1+ 20. Nxd1 g6 21. Nf2 Kg7 22. g4 Bc8 23. Nh1 Qd8 24. Ng3 Bh4 25. Ne2 Ne4 1/2-1/2

[Event "NAYCC U18 w"]
[Site "Toronto CAN"]
[Date "2013.08.17"]
[Round "7"]
[White "Lee, Megan Shuen Hui"]
[Black "Ulrich, Rachel J"]
[Result "1/2-1/2"]
[WhiteElo "2167"]
[BlackElo "2002"]
[PlyCount "176"]
[GameId "2160767909296867"]
[EventDate "2013.08.14"]
[EventType "tourn"]
[EventRounds "9"]
[EventCountry "CAN"]
[SourceTitle "EXT 2022"]
[Source "ChessBase"]
[SourceDate "2021.10.06"]
[SourceVersion "1"]
[SourceVersionDate "2021.10.06"]
[SourceQuality "1"]

1. e4 c5 2. Nc3 d6 3. f4 g6 4. Nf3 Bg7 5. Bb5+ Bd7 6. Bxd7+ Qxd7 7. d3 Nc6 8. O-O Nf6 9. Qe1 O-O 10. b3 Nh5 11. Rf2 b5 12. Rb1 b4 13. Na4 Qg4 14. h3 Qg3 15. Rf1 Nd4 16. Qxg3 Nxg3 17. Rf2 f5 18. Kh2 Nge2 19. Nxd4 Nxd4 20. Bb2 fxe4 21. dxe4 g5 22. g3 gxf4 23. gxf4 Rf7 24. Rbf1 Raf8 25. c3 bxc3 26. Bxc3 Be5 27. Bxd4 Bxf4+ 28. Kh1 cxd4 29. Nb2 Be3 30. Rxf7 Rxf7 31. Kg2 Kg7 32. Rf3 Rf6 33. Nd3 Rg6+ 34. Rg3 Kf6 35. Nb4 Ke6 36. Rxg6+ hxg6 37. Kf3 Bg1 38. Kg2 Be3 39. Kf3 Kd7 40. a4 Bd2 41. Nd3 a5 42. Ke2 Bc3 43. Nf4 g5 44. Nd5 Bb2 45. Kd3 e6 46. Nf6+ Kc6 47. Kc2 Ba1 48. Nh7 d5 49. Nxg5 dxe4 50. Nxe4 e5 51. Kd3 Kd5 52. h4 Bb2 53. h5 Bc1 54. Nf6+ Ke6 55. Ne4 Bh6 56. Ng3 Kd5 57. Ne4 Bf4 58. Nf6+ Kc5 59. Ke4 Bg5 60. Nd5 d3 61. Nc3 d2 62. Kd3 Kb4 63. Kc2 Bh6 64. Nd5+ Ka3 65. Nb6 d1=Q+ 66. Kxd1 Kxb3 67. Ke2 e4 68. Kf2 Kb4 69. Ke2 Ka3 70. Kf2 Kb3 71. Ke2 Bf8 72. Nd7 Bh6 73. Nb6 Kb4 74. Kf2 Kb3 75. Ke2 Bg5 76. Kd1 Be3 77. Nd7 Bd4 78. Nf8 Kxa4 79. Ne6 Be3 80. Ke2 Bh6 81. Nc5+ Kb4 82. Nxe4 a4 83. Kd1 a3 84. Kc2 Be3 85. Nc3 Bd4 86. Na2+ Kc4 87. Nc1 Be3 88. Na2 Bh6 1/2-1/2

[Event "NAYCC U18 w"]
[Site "Toronto CAN"]
[Date "2013.08.17"]
[Round "7"]
[White "Vyravanathan, Sobiga"]
[Black "Botez, Alexandra"]
[Result "0-1"]
[WhiteElo "1632"]
[BlackElo "2202"]
[PlyCount "50"]
[GameId "2160767909296868"]
[EventDate "2013.08.14"]
[EventType "tourn"]
[EventRounds "9"]
[EventCountry "CAN"]
[SourceTitle "hb 2013"]

1. e4 e6 2. d4 d5 3. exd5 exd5 4. Nf3 Nf6 5. Nc3 c6 6. Be2 Bd6 7. Bg5 h6 8. Bh4 Bf5 9. Qd2 Nbd7 10. O-O O-O 11. Rfe1 Qc7 12. Bg3 Bxg3 13. fxg3 Ne4 14. Qe3 Rae8 15. Nxe4 Bxe4 16. c3 Re6 17. Qd2 Rfe8 18. Rad1 Qb6 19. Qc1 Bxf3 20. Bxf3 Rxe1+ 21. Rxe1 Rxe1+ 22. Qxe1 Qxb2 23. Qe8+ Nf8 24. Qb8 Qxc3 25. Qxa7 Qe1# 0-1

[Event "NAYCC U18 w"]
[Site "Toronto CAN"]
[Date "2013.08.18"]
[Round "8"]
[White "Botez, Alexandra"]
[Black "Gorti, Akshita"]
[Result "1/2-1/2"]
[WhiteElo "2202"]
[BlackElo "1988"]
[PlyCount "88"]
[GameId "2160767909296869"]
[EventDate "2013.08.14"]
[EventType "tourn"]
[EventRounds "9"]
[EventCountry "CAN"]
[SourceTitle "EXT 2022"]
[Source "ChessBase"]
[SourceDate "2021.10.06"]
[SourceVersion "1"]
[SourceVersionDate "2021.10.06"]
[SourceQuality "1"]

1. d4 Nf6 2. c4 e6 3. Nc3 Bb4 4. Qc2 O-O 5. a3 Bxc3+ 6. Qxc3 d5 7. Bg5 c5 8. cxd5 cxd4 9. Qxd4 Nc6 10. Qh4 Qxd5 11. Bxf6 gxf6 12. Nf3 Kg7 13. e3 e5 14. Bc4 Qa5+ 15. b4 Nxb4 16. O-O Nc6 17. Rfd1 Qc7 18. Bd3 Rh8 19. Nd2 Qe7 20. Qh5 Be6 21. Ne4 Rad8 22. Ng3 h6 23. h3 Rdg8 24. Qf3 Kf8 25. Be4 Na5 26. Rac1 Nc4 27. Rd3 Nd6 28. Rcd1 Nxe4 29. Qxe4 h5 30. Qh4 Rg5 31. Rd8+ Kg7 32. Rxh8 Kxh8 33. Nxh5 Kg8 34. f4 exf4 35. Nxf4 Bb3 36. Rd3 Bc4 37. Ng6 Rxg6 38. Qxc4 Kg7 39. e4 Qe5 40. Qd4 Qg5 41. Qf2 Qc1+ 42. Qf1 Qc5+ 43. Kh1 Rh6 44. Rg3+ Rg6 1/2-1/2

[Event "NAYCC U18 w"]
[Site "Toronto CAN"]
[Date "2013.08.18"]
[Round "8"]
[White "Gologorsky, Rachel Gita"]
[Black "Hua, Margaret"]
[Result "1/2-1/2"]
[WhiteElo "2028"]
[BlackElo "1941"]
[PlyCount "91"]
[GameId "2160767909296870"]
[EventDate "2013.08.14"]
[EventType "tourn"]
[EventRounds "9"]
[EventCountry "CAN"]
[SourceTitle "EXT 2022"]
[Source "ChessBase"]
[SourceDate "2021.10.06"]
[SourceVersion "1"]
[SourceVersionDate "2021.10.06"]
[SourceQuality "1"]

1. e4 e5 2. Nf3 Nc6 3. d4 exd4 4. Nxd4 Nf6 5. Nxc6 bxc6 6. e5 Qe7 7. Qe2 Nd5 8. c4 Ba6 9. Nd2 g6 10. Nf3 Bg7 11. Qc2 Nb6 12. Be2 c5 13. O-O O-O 14. Re1 Bb7 15. Bg5 f6 16. Bh4 Qf7 17. exf6 Bxf6 18. Bxf6 Qxf6 19. Rad1 d6 20. Rf1 Rae8 21. Ne1 Nd7 22. f4 Qe6 23. Rf2 Nf6 24. Bd3 Be4 25. Bxe4 Qxe4 26. Qxe4 Rxe4 27. b3 Ng4 28. Rf3 Rexf4 29. Rxf4 Rxf4 30. Nf3 Re4 31. Rd2 h6 32. h3 Ne5 33. Nxe5 Rxe5 34. Kf2 Kf7 35. Rd3 Ke6 36. Rg3 Kf6 37. Rd3 Ke6 38. Rg3 g5 39. h4 d5 40. hxg5 hxg5 41. cxd5+ Rxd5 42. Re3+ Kd6 43. Rg3 Rd2+ 44. Ke3 Rxa2 45. Kd3 a5 46. Rxg5 1/2-1/2

[Event "NAYCC U18 w"]
[Site "Toronto CAN"]
[Date "2013.08.18"]
[Round "8"]
[White "Kalaydina, Regina Veronicka"]
[Black "Ulrich, Rachel J"]
[Result "1-0"]
[WhiteElo "1958"]
[BlackElo "2002"]
[PlyCount "93"]
[GameId "2160767909296871"]
[EventDate "2013.08.14"]
[EventType "tourn"]
[EventRounds "9"]
[EventCountry "CAN"]
[SourceTitle "EXT 2022"]
[Source "ChessBase"]
[SourceDate "2021.10.06"]
[SourceVersion "1"]
[SourceVersionDate "2021.10.06"]
[SourceQuality "1"]

1. c4 e6 2. d4 d5 3. Nc3 Be7 4. g3 dxc4 5. Qa4+ Nd7 6. Nf3 Ngf6 7. Bg2 O-O 8. Qxc4 Nb6 9. Qb3 c5 10. dxc5 Bxc5 11. O-O Qe7 12. Bg5 Bd7 13. Ne5 Bd4 14. Nxd7 Nbxd7 15. Rad1 Bb6 16. Ne4 h6 17. Rxd7 Qxd7 18. Bxf6 Qd5 19. Qf3 Qf5 20. Bc3 Qxf3 21. Bxf3 Rfd8 22. e3 f5 23. Nd2 Rd7 24. Nc4 Bd8 25. Rd1 Rxd1+ 26. Bxd1 Rc8 27. Bb3 Bf6 28. Bxf6 gxf6 29. Nd6 Rc1+ 30. Kg2 Kf8 31. Nxb7 Rb1 32. Bxe6 Rxb2 33. Nc5 Ke7 34. Bb3 a5 35. Na4 Rd2 36. Nb6 Re2 37. Nd5+ Kd6 38. Kf3 Rb2 39. Nb6 Kc6 40. Nc4 Rb1 41. Nxa5+ Kb5 42. Nc4 Rh1 43. h4 Kb4 44. Nd6 f4 45. exf4 Rf1 46. Ne4 f5 47. Nd6 1-0

[Event "NAYCC U18 w"]
[Site "Toronto CAN"]
[Date "2013.08.18"]
[Round "8"]
[White "Regam, Jessica"]
[Black "Vyravanathan, Sobiga"]
[Result "0-1"]
[WhiteElo "2125"]
[BlackElo "1632"]
[PlyCount "61"]
[GameId "2160767909296872"]
[EventDate "2013.08.14"]
[EventType "tourn"]
[EventRounds "9"]
[EventCountry "CAN"]
[SourceTitle "EXT 2022"]
[Source "ChessBase"]
[SourceDate "2021.10.06"]
[SourceVersion "1"]
[SourceVersionDate "2021.10.06"]
[SourceQuality "1"]

1. e4 c5 2. Nf3 Nc6 3. d4 cxd4 4. Nxd4 Nf6 5. Nc3 d6 6. Bg5 e6 7. Qd2 a6 8. O-O-O Be7 9. f4 Bd7 10. Kb1 Rc8 11. Nf3 Qc7 12. e5 dxe5 13. fxe5 Ng4 14. Bxe7 Nxe7 15. h3 Nh6 16. Ne4 O-O 17. Bd3 Ba4 18. b3 Bc6 19. Nf6+ Kh8 20. Qg5 Ng6 21. Rhe1 b5 22. Nd4 Bb7 23. Ng4 Rfd8 24. Qe3 Qc5 25. Nxh6 gxh6 26. Nf3 Qxe3 27. Rxe3 Nf4 28. Nh4 Nd5 29. Be4 Nc3+ 30. Rxc3 Rxd1+ 31. Kb2 0-1

[Event "NAYCC U18 w"]
[Site "Toronto CAN"]
[Date "2013.08.18"]
[Round "9"]
[White "Hua, Margaret"]
[Black "Botez, Alexandra"]
[Result "0-1"]
[WhiteElo "1941"]
[BlackElo "2202"]
[PlyCount "158"]
[GameId "2160767909296873"]
[EventDate "2013.08.14"]
[EventType "tourn"]
[EventRounds "9"]
[EventCountry "CAN"]
[SourceTitle "hb 2013"]

1. e4 e6 2. d4 d5 3. exd5 exd5 4. Nf3 Nf6 5. Bg5 Bd6 6. Bd3 c6 7. Nbd2 Be6 8. c3 Nbd7 9. Rc1 Qc7 10. O-O Ng4 11. h3 h6 12. Bh4 Ngf6 13. Qe1 O-O 14. Bg3 Bxg3 15. fxg3 Rae8 16. Qf2 Nh5 17. g4 Nf4 18. Ne5 g5 19. Nxd7 Bxd7 20. Qf3 c5 21. g3 Nxd3 22. Qxd3 c4 23. Qf3 Re7 24. Rce1 Rxe1 25. Rxe1 Re8 26. Rxe8+ Bxe8 27. Kf2 Qc6 28. Qe2 f6 29. Nf1 Qd7 30. Ne3 Bf7 31. Qf3 Qe6 32. Nf5 Kh7 33. Ne3 Qc6 34. Nf5 Qa4 35. Nd6 Kg7 36. Nxf7 Qc2+ 37. Kg1 Qc1+ 38. Kh2 Qxb2+ 39. Kg1 Qb1+ 40. Kh2 Qxa2+ 41. Kg1 Qb1+ 42. Kf2 Qc2+ 43. Ke1 Qb1+ 44. Kd2 Qb2+ 45. Kd1 Qb1+ 46. Kd2 Qa2+ 47. Kd1 Qa4+ 48. Kd2 Qc6 49. Qf5 Kxf7 50. Qh7+ Ke6 51. Qg8+ Kd6 52. Qb8+ Kd7 53. Qxa7 Qb5 54. Qb8 Qb2+ 55. Kd1 Qb1+ 56. Ke2 Qd3+ 57. Kf2 Qc2+ 58. Kf1 Qb1+ 59. Kf2 Qb3 60. Kf1 Qb6 61. Qf8 Qb1+ 62. Kf2 Qc2+ 63. Kf1 Qd3+ 64. Kf2 Qxc3 65. Qxf6 Qd2+ 66. Kf1 c3 67. Qf7+ Kc6 68. Qe6+ Kb5 69. Qxd5+ Ka6 70. Qd6+ Kb5 71. Qd5+ Kb4 72. Qxb7+ Kc4 73. Qa6+ Kxd4 74. Qd6+ Ke3 75. Qc5+ Kf3 76. Qc6+ Kxg3 77. Qc7+ Qf4+ 78. Qxf4+ gxf4 79. h4 c2 0-1

[Event "NAYCC U18 w"]
[Site "Toronto CAN"]
[Date "2013.08.18"]
[Round "9"]
[White "Lee, Megan Shuen Hui"]
[Black "Gologorsky, Rachel Gita"]
[Result "1-0"]
[WhiteElo "2127"]
[BlackElo "2028"]
[PlyCount "63"]
[GameId "2160767909296874"]
[EventDate "2013.08.14"]
[EventType "tourn"]
[EventRounds "9"]
[EventCountry "CAN"]
[SourceTitle "EXT 2022"]
[Source "ChessBase"]
[SourceDate "2021.10.06"]
[SourceVersion "1"]
[SourceVersionDate "2021.10.06"]
[SourceQuality "1"]

1. e4 c5 2. Nc3 d6 3. f4 g6 4. Nf3 Bg7 5. Bc4 e6 6. O-O Ne7 7. d3 Nbc6 8. Qe1 Na5 9. Bb3 O-O 10. Bd2 Nxb3 11. axb3 Nc6 12. Kh1 Rb8 13. e5 Nd4 14. Nxd4 cxd4 15. Ne4 dxe5 16. Bb4 exf4 17. Bxf8 Bxf8 18. Qa5 Qxa5 19. Rxa5 f5 20. Ng5 a6 21. Re5 Bd7 22. Nxe6 Re8 23. Nxf8 Rxe5 24. Nxd7 Re2 25. Rc1 g5 26. h3 h5 27. Kg1 Kg7 28. Kf1 Rd2 29. Ne5 g4 30. Nc4 Rxg2 31. Kxg2 Kg6 32. h4 1-0

[Event "NAYCC U18 w"]
[Site "Toronto CAN"]
[Date "2013.08.18"]
[Round "9"]
[White "Ulrich, Rachel J"]
[Black "Gorti, Akshita"]
[Result "0-1"]
[WhiteElo "2002"]
[BlackElo "1988"]
[PlyCount "68"]
[GameId "2160767909296875"]
[EventDate "2013.08.14"]
[EventType "tourn"]
[EventRounds "9"]
[EventCountry "CAN"]
[SourceTitle "EXT 2022"]
[Source "ChessBase"]
[SourceDate "2021.10.06"]
[SourceVersion "1"]
[SourceVersionDate "2021.10.06"]
[SourceQuality "1"]

1. e4 e6 2. d4 d5 3. Nc3 Bb4 4. e5 c5 5. a3 Bxc3+ 6. bxc3 Ne7 7. Qg4 cxd4 8. Qxg7 Rg8 9. Qxh7 Qc7 10. Ne2 Nbc6 11. Bf4 dxc3 12. h4 Bd7 13. Rh3 Qa5 14. h5 O-O-O 15. Qd3 d4 16. Nxd4 Qa4 17. Be3 Be8 18. Qxc3 Nd5 19. Qc4 Qxc4 20. Bxc4 Nxd4 21. Bxd4 Nf4 22. Rc3 Rxd4 23. Bxe6+ Kd8 24. Rc8+ Ke7 25. Bc4 Rxg2 26. Bf1 Re4+ 27. Kd2 Rxf2+ 28. Kc3 Bc6 29. Rc7+ Kd8 30. Bd3 Nd5+ 31. Kb2 Rh4 32. Rxc6 bxc6 33. e6 fxe6 34. Bg6 Nf4 0-1

[Event "NAYCC U18 w"]
[Site "Toronto CAN"]
[Date "2013.08.18"]
[Round "9"]
[White "Vyravanathan, Sobiga"]
[Black "Kalaydina, Regina Veronicka"]
[Result "0-1"]
[WhiteElo "1632"]
[BlackElo "1958"]
[PlyCount "132"]
[GameId "2160767909296876"]
[EventDate "2013.08.14"]
[EventType "tourn"]
[EventRounds "9"]
[EventCountry "CAN"]
[SourceTitle "hb 2013"]

1. e4 c5 2. Nf3 e6 3. d4 cxd4 4. Nxd4 Nc6 5. Be2 Nf6 6. Nc3 Bb4 7. Bf3 d5 8. Nxc6 bxc6 9. exd5 cxd5 10. Bd2 O-O 11. O-O Be7 12. Re1 Rb8 13. Rb1 Bd7 14. Be3 a5 15. Bd4 Bc6 16. Qd2 Nd7 17. Qe3 Bf6 18. Bxf6 Qxf6 19. Red1 Ne5 20. Be2 Rb4 21. Qg3 Nc4 22. Bxc4 Rxc4 23. Rdc1 Rc8 24. Ne2 d4 25. c3 d3 26. Qxd3 Be4 27. Qe3 Bxb1 28. Rxb1 Rd8 29. Qb6 h6 30. Qe3 Qf5 31. Qc1 Qd3 32. Ng3 a4 33. a3 Rc5 34. h3 Rb5 35. Nf1 Qe2 36. c4 Rc5 37. Qe3 Qxc4 38. Ng3 Rd3 39. Qe1 Qc2 40. Qf1 Rcd5 41. Qe2 Qxe2 42. Nxe2 Rd1+ 43. Rxd1 Rxd1+ 44. Kh2 Rd2 45. Nc3 Rxb2 46. Nxa4 Ra2 47. Kg3 Rxa3+ 48. f3 Rxa4 49. h4 f5 50. Kf2 Rxh4 51. g3 Rh2+ 52. Ke3 e5 53. f4 e4 54. Kd4 Rd2+ 55. Ke3 Rd3+ 56. Kf2 e3+ 57. Ke2 Ra3 58. Kf3 g5 59. fxg5 hxg5 60. g4 fxg4+ 61. Kxg4 e2 62. Kxg5 e1=Q 63. Kf5 Rf3+ 64. Kg4 Qg3+ 65. Kh5 Rf5+ 66. Kh6 Qg7# 0-1

[Event "National Capital op"]
[Site "Ottawa CAN"]
[Date "2013.10.18"]
[Round "1"]
[White "Pacey, Kevin"]
[Black "Sambuev, Bator"]
[Result "0-1"]
[WhiteElo "2232"]
[BlackElo "2666"]
[PlyCount "52"]
[GameId "2160767909224999"]
[EventDate "2013.10.18"]
[EventType "swiss"]
[EventRounds "5"]
[EventCountry "CAN"]
[SourceTitle "EXT 2022"]
[Source "ChessBase"]
[SourceDate "2021.10.06"]
[SourceVersion "1"]
[SourceVersionDate "2021.10.06"]
[SourceQuality "1"]

1. e4 d6 2. c4 c5 3. Nc3 Nc6 4. g3 g6 5. Bg2 Bg7 6. d3 f5 7. exf5 Bxf5 8. g4 Be6 9. h3 h5 10. Nge2 hxg4 11. Nf4 Bf7 12. hxg4 Rxh1+ 13. Bxh1 e6 14. Bxc6+ bxc6 15. Qe2 Kd7 16. Ne4 Qh4 17. Qf3 Rf8 18. Be3 e5 19. O-O-O exf4 20. Bxc5 dxc5 21. Nxc5+ Kd6 22. Ne4+ Kc7 23. Qxf4+ Kb6 24. Qe3+ Kb7 25. Nd6+ Ka8 26. Qe4 Ne7 0-1

[Event "National Capital op"]
[Site "Ottawa CAN"]
[Date "2013.10.19"]
[Round "2"]
[White "Djerkovic, Miladin"]
[Black "Pacey, Kevin"]
[Result "0-1"]
[WhiteElo "2265"]
[BlackElo "2232"]
[PlyCount "84"]
[GameId "2160767909225000"]
[EventDate "2013.10.18"]
[EventType "swiss"]
[EventRounds "5"]
[EventCountry "CAN"]
[SourceTitle "EXT 2022"]
[Source "ChessBase"]
[SourceDate "2021.10.06"]
[SourceVersion "1"]
[SourceVersionDate "2021.10.06"]
[SourceQuality "1"]

1. e4 e5 2. Nf3 Nc6 3. Bb5 a6 4. Ba4 Nf6 5. O-O Be7 6. Re1 b5 7. Bb3 d6 8. c3 O-O 9. h3 Nb8 10. d4 Nbd7 11. Nbd2 Bb7 12. Bc2 Re8 13. Nf1 Bf8 14. Ng3 c5 15. d5 g6 16. Bg5 h6 17. Be3 c4 18. Qd2 h5 19. a4 Nc5 20. Ra3 h4 21. Bxc5 dxc5 22. Nxh4 b4 23. cxb4 cxb4 24. Rf3 Nh7 25. Nhf5 gxf5 26. Nxf5 Kh8 27. Qe2 Bc8 28. Qxc4 Bxf5 29. Rxf5 Rc8 30. Qb3 Qc7 31. Bd3 a5 32. Re3 Bh6 33. Ref3 Qc1+ 34. Kh2 Ng5 35. Rg3 Rf8 36. Rxe5 f6 37. Re7 Qe1 38. e5 f5 39. Bc4 Qxf2 40. Qd3 Ne4 41. Rf3 Bf4+ 42. Kh1 Qe1+ 0-1

[Event "National Capital op"]
[Site "Ottawa CAN"]
[Date "2013.10.19"]
[Round "2"]
[White "Sambuev, Bator"]
[Black "Gordon, David"]
[Result "1-0"]
[WhiteElo "2666"]
[BlackElo "2276"]
[PlyCount "63"]
[GameId "2160767909225001"]
[EventDate "2013.10.18"]
[EventType "swiss"]
[EventRounds "5"]
[EventCountry "CAN"]
[SourceTitle "EXT 2022"]
[Source "ChessBase"]
[SourceDate "2021.10.06"]
[SourceVersion "1"]
[SourceVersionDate "2021.10.06"]
[SourceQuality "1"]

1. d4 c5 2. d5 Nf6 3. Nc3 d6 4. e4 g6 5. f4 Bg7 6. Bb5+ Nfd7 7. a4 O-O 8. Nf3 Na6 9. O-O Nc7 10. Bd3 Rb8 11. Ne2 a6 12. a5 b5 13. axb6 Nxb6 14. c4 Bg4 15. Ra2 Nd7 16. b3 Rb7 17. Bd2 Qa8 18. Bc2 Rfb8 19. Bc3 Bxc3 20. Nxc3 a5 21. Qa1 Ra7 22. Nd2 Nb6 23. e5 Ne8 24. Nb5 Ra6 25. f5 Nd7 26. e6 fxe6 27. fxg6 hxg6 28. Bxg6 Ndf6 29. Bxe8 Nxe8 30. Qe1 exd5 31. Qg3 Nf6 32. Nc7 1-0

[Event "National Capital op"]
[Site "Ottawa CAN"]
[Date "2013.10.19"]
[Round "3"]
[White "De Kerpel, Stijn"]
[Black "Sambuev, Bator"]
[Result "0-1"]
[WhiteElo "2227"]
[BlackElo "2666"]
[PlyCount "58"]
[GameId "2160767909225002"]
[EventDate "2013.10.18"]
[EventType "swiss"]
[EventRounds "5"]
[EventCountry "CAN"]
[SourceTitle "EXT 2022"]
[Source "ChessBase"]
[SourceDate "2021.10.06"]
[SourceVersion "1"]
[SourceVersionDate "2021.10.06"]
[SourceQuality "1"]

1. e4 d6 2. Nc3 e5 3. f4 exf4 4. Bc4 Qh4+ 5. Kf1 Be6 6. Qe2 c6 7. d4 Bxc4 8. Qxc4 Nd7 9. Nf3 Qf6 10. Bd2 O-O-O 11. a4 g5 12. h3 Kb8 13. a5 a6 14. Re1 h6 15. Na2 Ne7 16. Nb4 Rc8 17. Bc3 Bg7 18. d5 Qg6 19. dxc6 Nxc6 20. Qd5 Ne7 21. Qd2 Bxc3 22. bxc3 Qe6 23. Nd5 Nxd5 24. exd5 Qf6 25. Nd4 Rc5 26. Rb1 Rhc8 27. Rb3 Ne5 28. Kf2 R8c7 29. Rhb1 Kc8 0-1

[Event "National Capital op"]
[Site "Ottawa CAN"]
[Date "2013.10.19"]
[Round "3"]
[White "Doubleday, William"]
[Black "Kalra, Agastya"]
[Result "0-1"]
[WhiteElo "2143"]
[BlackElo "2117"]
[PlyCount "42"]
[GameId "2160767909225003"]
[EventDate "2013.10.18"]
[EventType "swiss"]
[EventRounds "5"]
[EventCountry "CAN"]
[SourceTitle "EXT 2022"]
[Source "ChessBase"]
[SourceDate "2021.10.06"]
[SourceVersion "1"]
[SourceVersionDate "2021.10.06"]
[SourceQuality "1"]

1. d4 Nf6 2. c4 c5 3. d5 b5 4. Nf3 Bb7 5. Nfd2 bxc4 6. e4 e6 7. dxe6 fxe6 8. e5 Nd5 9. Nxc4 Be7 10. Bd3 Nb4 11. Bg5 Nxd3+ 12. Qxd3 O-O 13. Bxe7 Qxe7 14. O-O Qg5 15. Qg3 Qh5 16. Nba3 Nc6 17. Qe3 Nd4 18. f3 Bxf3 19. gxf3 Rxf3 20. Qe4 Raf8 21. Ne3 Ne2+ 0-1

[Event "National Capital op"]
[Site "Ottawa CAN"]
[Date "2013.10.19"]
[Round "3"]
[White "Gordon, David"]
[Black "Pacey, Kevin"]
[Result "0-1"]
[WhiteElo "2276"]
[BlackElo "2232"]
[PlyCount "78"]
[GameId "2160767909225004"]
[EventDate "2013.10.18"]
[EventType "swiss"]
[EventRounds "5"]
[EventCountry "CAN"]
[SourceTitle "EXT 2022"]
[Source "ChessBase"]
[SourceDate "2021.10.06"]
[SourceVersion "1"]
[SourceVersionDate "2021.10.06"]
[SourceQuality "1"]

1. d4 e6 2. Nf3 c5 3. e4 cxd4 4. c3 Nf6 5. e5 Nd5 6. cxd4 Nc6 7. a3 b6 8. Bd3 Bb7 9. Nbd2 Nf4 10. Ne4 Nxd3+ 11. Qxd3 a5 12. Bg5 Qb8 13. O-O-O Ba6 14. Qd2 Bc4 15. Rhe1 a4 16. Qf4 h6 17. d5 Bxd5 18. Rxd5 exd5 19. Nd6+ Bxd6 20. exd6+ Kf8 21. Be7+ Kg8 22. Qg4 Nxe7 23. dxe7 Qc7+ 24. Kb1 Re8 25. Nd4 h5 26. Qg5 Rh6 27. g3 Qc5 28. Nf5 Rg6 29. Qf4 Qc4 30. Qe5 Qd3+ 31. Ka1 Rg5 32. g4 hxg4 33. Nh6+ gxh6 34. Qd6 Qf5 35. Qxh6 Rg6 36. Qh4 Qf6 37. Qg3 Rxe7 38. Qb8+ Kg7 39. Rc1 Re2 0-1

[Event "National Capital op"]
[Site "Ottawa CAN"]
[Date "2013.10.20"]
[Round "4"]
[White "Pacey, Kevin"]
[Black "De Kerpel, Stijn"]
[Result "1/2-1/2"]
[WhiteElo "2232"]
[BlackElo "2227"]
[PlyCount "70"]
[GameId "2160767909225005"]
[EventDate "2013.10.18"]
[EventType "swiss"]
[EventRounds "5"]
[EventCountry "CAN"]
[SourceTitle "EXT 2022"]
[Source "ChessBase"]
[SourceDate "2021.10.06"]
[SourceVersion "1"]
[SourceVersionDate "2021.10.06"]
[SourceQuality "1"]

1. b3 Nf6 2. Bb2 g6 3. Bxf6 exf6 4. c4 Bg7 5. Nc3 f5 6. g3 O-O 7. Bg2 c6 8. e3 Na6 9. Nge2 Nc7 10. Rc1 d6 11. O-O Be6 12. Nf4 Bd7 13. d4 Rc8 14. Qd2 Bh6 15. h4 Ne8 16. Rfd1 Nf6 17. Qb2 a6 18. c5 d5 19. Na4 Re8 20. Nb6 Rc7 21. Nd3 Ng4 22. Re1 Bc8 23. Nf4 Nf6 24. Bf3 Rce7 25. Ng2 Ne4 26. b4 Bg7 27. a4 Bd7 28. Rcd1 Qc7 29. Qb3 h6 30. Nf4 Be6 31. b5 axb5 32. axb5 Kh7 33. bxc6 bxc6 34. Kg2 Bf6 35. Rh1 Bg7 1/2-1/2

[Event "National Capital op"]
[Site "Ottawa CAN"]
[Date "2013.10.20"]
[Round "4"]
[White "Sambuev, Bator"]
[Black "Gelblum, Robert"]
[Result "1-0"]
[WhiteElo "2666"]
[BlackElo "2230"]
[PlyCount "59"]
[GameId "2160767909225006"]
[EventDate "2013.10.18"]
[EventType "swiss"]
[EventRounds "5"]
[EventCountry "CAN"]
[SourceTitle "EXT 2022"]
[Source "ChessBase"]
[SourceDate "2021.10.06"]
[SourceVersion "1"]
[SourceVersionDate "2021.10.06"]
[SourceQuality "1"]

1. d4 Nf6 2. Nf3 e6 3. e3 b6 4. Bd3 Bb7 5. O-O Be7 6. c4 O-O 7. Nc3 d5 8. b3 c5 9. Bb2 Nc6 10. Rc1 cxd4 11. exd4 Rc8 12. Qe2 Nb4 13. Bb1 dxc4 14. bxc4 Bxf3 15. gxf3 Qd6 16. Kh1 Qf4 17. Rg1 Bd6 18. Rg2 Bb8 19. Ne4 Nh5 20. Ng3 Qh4 21. Nxh5 Qxh5 22. d5 e5 23. Rcg1 g6 24. Rg5 Qh4 25. R1g4 Qh3 26. Bf5 Qh6 27. Bxc8 e4 28. Rg2 Rxc8 29. fxe4 Bxh2 30. Rh5 1-0

[Event "National Capital op"]
[Site "Ottawa CAN"]
[Date "2013.10.20"]
[Round "5"]
[White "Djerkovic, Miladin"]
[Black "Sambuev, Bator"]
[Result "0-1"]
[WhiteElo "2265"]
[BlackElo "2666"]
[PlyCount "70"]
[GameId "2160767909225007"]
[EventDate "2013.10.18"]
[EventType "swiss"]
[EventRounds "5"]
[EventCountry "CAN"]
[SourceTitle "EXT 2022"]
[Source "ChessBase"]
[SourceDate "2021.10.06"]
[SourceVersion "1"]
[SourceVersionDate "2021.10.06"]
[SourceQuality "1"]

1. e4 d6 2. Nc3 e5 3. Nge2 Nc6 4. d4 g6 5. Be3 Bg7 6. Qd2 Nf6 7. f3 O-O 8. O-O-O Nd7 9. h4 Nb6 10. b3 d5 11. dxe5 Nxe5 12. Nxd5 Qd6 13. Qb4 Qxb4 14. Nxb4 a5 15. Nd5 Nxd5 16. exd5 a4 17. Bd4 axb3 18. axb3 Rd8 19. Nf4 c6 20. c4 cxd5 21. Nxd5 Be6 22. Nc7 Ra2 23. Kb1 Ra3 24. Kb2 Ra5 25. b4 Ra7 26. Nxe6 fxe6 27. Bxa7 Rxd1 28. Kc2 Re1 29. Bf2 Ra1 30. Bd4 Ra8 31. Be2 Ra2+ 32. Kd1 Nc6 33. Bxg7 Kxg7 34. Re1 Nxb4 35. f4 Nc2 0-1